| 000 | 007110000a22002290004500 | ||
|---|---|---|---|
| 003 | LK-CoMWRAF | ||
| 005 | 20231206114535.0 | ||
| 008 | 230817t1999 ||||| |||| 00| 0 eng d | ||
| 020 | _a0850925908 | ||
| 040 |
_aLK-CoMWRAF _dLK-CoMWRAF _eLK-CoMWRAF |
||
| 041 | _aeng | ||
| 082 |
_a305.3 _bCOM |
||
| 110 | _aCommonwealth Secretariat | ||
| 245 | _aGender management system handbook | ||
| 260 |
_aLondon: _bCommonwealth Secretariat, _c1999 |
||
| 300 |
_a 63 p. : ill. ; 30 cm _bBibliography and glossary included |
||
| 490 | _aGender Management System | ||
| 650 | _aEquality- Commonwealth countries | ||
| 650 | _aSex discrimination | ||
| 650 | _aWomen- Government policy- Commonwealth countries | ||
| 942 | _cBK | ||
| 999 |
_c31 _d31 |
||